书目信息 |
| 题名: |
新时代繁荣发展成都哲学社会科学重大问题研究
|
|
| 作者: | 阎星, , 胡燕 , 陈益 , 张晓雯 著 | |
| 分册: | ||
| 出版信息: | 北京 中国社会科学出版社 2019.02 |
|
| 页数: | 247页 | |
| 开本: | 24cm | |
| 丛书名: | ||
| 单 册: | ||
| 中图分类: | C127.11 | |
| 科图分类: | ||
| 主题词: | 哲学社会科学--zhe xue she hui ke xue--研究--成都 | |
| 电子资源: | ||
| ISBN: | 978-7-5203-3832-5 | |
| 000 | 01562nam0 2200313 450 | |
| 001 | 202021193060 | |
| 005 | 20211025120124.0 | |
| 010 | @a978-7-5203-3832-5@dCNY86.00 | |
| 100 | @a20210927d2019 em y0chiy50 ea | |
| 101 | 0 | @achi |
| 102 | @aCN@b110000 | |
| 105 | @ay a 000yy | |
| 106 | @ar | |
| 200 | 1 | @a新时代繁荣发展成都哲学社会科学重大问题研究@Axin shi dai fan rong fa zhan cheng du zhe xue she hui ke xue zhong da wen ti yan jiu@f阎星 ... [等] 著 |
| 210 | @a北京@c中国社会科学出版社@d2019.02 | |
| 215 | @a247页@d24cm | |
| 300 | @a成都市社会科学院2016年度重大课题 | |
| 304 | @a题名页题其余责任者: 胡燕, 陈益, 张晓雯 | |
| 314 | @a阎星, 成都市社会科学院副院长, 研究员。 | |
| 320 | @a有书目 | |
| 330 | @a本书紧紧围绕“加快构建中国特色哲学社会科学、建设中国特色新型智库”这一核心主题, 按照立足成都、挖掘历史、把握当代、面向未来的思路, 对中国特色哲学社会科学的本质和特征、发展基础和动力、实现机制等进行系统的理论阐释, 并重点围绕改革开放以来成都哲学社会科学发展实际及其在新时代面临的新任务、新挑战, 深入分析成都社科在学科建设、资源配置、学术管理体制机制、政策帮扶等方面取得的成效和存在的问题, 提出未来繁荣发展成都哲学社会科学的战略方向, 以及优化学科体系建设、规范学术评价管理制度、加快社科资源力量整合、加强政策支持等方面的对策建议。 | |
| 606 | 0 | @a哲学社会科学@Azhe xue she hui ke xue@x研究@y成都 |
| 690 | @aC127.11@v5 | |
| 701 | 0 | @a阎星,@Ayan xing@f1963-@4著 |
| 701 | 0 | @a胡燕@Ahu yan@4著 |
| 701 | 0 | @a陈益@Achen yi@4著 |
| 701 | 0 | @a张晓雯@Azhang xiao wen@4著 |
| 801 | 0 | @aCN@c20210909 |
| 905 | @a河南城建学院图书馆@dC127.11@eY097 | |
| 新时代繁荣发展成都哲学社会科学重大问题研究/阎星 ... [等] 著.-北京:中国社会科学出版社,2019.02 |
| 247页;24cm |
| 成都市社会科学院2016年度重大课题 |
| ISBN 978-7-5203-3832-5:CNY86.00 |
| 本书紧紧围绕“加快构建中国特色哲学社会科学、建设中国特色新型智库”这一核心主题, 按照立足成都、挖掘历史、把握当代、面向未来的思路, 对中国特色哲学社会科学的本质和特征、发展基础和动力、实现机制等进行系统的理论阐释, 并重点围绕改革开放以来成都哲学社会科学发展实际及其在新时代面临的新任务、新挑战, 深入分析成都社科在学科建设、资源配置、学术管理体制机制、政策帮扶等方面取得的成效和存在的问题, 提出未来繁荣发展成都哲学社会科学的战略方向, 以及优化学科体系建设、规范学术评价管理制度、加快社科资源力量整合、加强政策支持等方面的对策建议。 |
| ● |
| 相关链接 |
|
|
|
正题名:新时代繁荣发展成都哲学社会科学重大问题研
索取号:C127.11/Y097
 
预约/预借
| 序号 | 登录号 | 条形码 | 馆藏地/架位号 | 状态 | 备注 |
| 1 | 1540201 | 215402017 | 社科库509/509社科库 53排6列5层/ [索取号:C127.11/Y097] | 在馆 | |
| 2 | 1540202 | 215402026 | 社科库509/509社科库 53排6列5层/ [索取号:C127.11/Y097] | 在馆 |